[Event "WLC A groep"]
[Site "Eindhoven, Netherlands"]
[Date "2019.05.26"]
[Round "2.1"]
[White "Bok, Benjamin"]
[Black "Klapwijk, Bram"]
[Result "1-0"]
[WhiteElo "2632"]
[BlackElo "2168"]
[PlyCount "87"]
[EventDate "2019.??.??"]

1. c4 {[%emt 0:00:36]} e6 {[%emt 0:01:36]} 2. g3 {[%emt 0:00:35]} d5 {[%emt 0:
00:23]} 3. Bg2 {[%emt 0:00:05]} Nf6 {[%emt 0:01:05]} 4. Nf3 {[%emt 0:00:12]}
Be7 {[%emt 0:01:20]} 5. O-O {[%emt 0:00:18]} O-O {[%emt 0:00:07]} 6. b3 {
[%emt 0:00:05]} c5 {[%emt 0:01:04]} 7. cxd5 {[%emt 0:00:33]} exd5 {[%emt 0:00:
54]} 8. d4 {[%emt 0:00:07]} Nc6 {[%emt 0:00:35]} 9. Bb2 {[%emt 0:02:31]} Bg4 {
[%emt 0:08:14]} 10. dxc5 {[%emt 0:00:32]} Bxc5 {[%emt 0:00:54]} 11. Nc3 {
[%emt 0:00:04]} Rc8 {[%emt 0:15:28]} 12. h3 {[%emt 0:08:20]} Bf5 {[%emt 0:07:
28]} 13. Rc1 {[%emt 0:06:43]} Be7 {[%emt 0:01:37]} 14. Nd4 {[%emt 0:06:57]} Bg6
{[%emt 0:01:08]} 15. e3 {[%emt 0:06:00]} Qd7 {[%emt 0:15:01]} 16. Nxc6 {
[%emt 0:11:34]} bxc6 {[%emt 0:03:07]} 17. Ne2 {[%emt 0:00:05]} Rfe8 {[%emt 0:
05:48]} 18. Nf4 {[%emt 0:02:30]} Be4 {[%emt 0:00:58]} 19. Bxe4 {[%emt 0:14:53]}
Nxe4 {[%emt 0:00:36]} 20. Qg4 {[%emt 0:00:41]} Qxg4 {[%emt 0:12:12]} 21. hxg4 {
[%emt 0:00:02]} Bf6 {[%emt 0:03:48]} 22. Bxf6 {[%emt 0:07:45]} Nxf6 {[%emt 0:
00:04]} 23. g5 {[%emt 0:00:51]} Ne4 {[%emt 0:02:10]} 24. Nh3 {[%emt 0:00:10]}
Kf8 {[%emt 0:03:50]} 25. g4 {[%emt 0:07:14]} f6 {[%emt 0:01:56]} 26. gxf6 {
[%emt 0:06:27]} Nxf6 {[%emt 0:00:02]} 27. g5 {[%emt 0:00:13]} Ne4 {[%emt 0:02:
30]} 28. f3 {[%emt 0:00:44]} Ng3 {[%emt 0:00:50]} 29. Rfe1 {[%emt 0:00:13]} Nf5
{[%emt 0:04:05]} 30. Kf2 {[%emt 0:00:33]} Kf7 {[%emt 0:00:46]} 31. Nf4 {
[%emt 0:03:21]} h6 {[%emt 0:02:49]} 32. gxh6 {[%emt 0:01:28]} gxh6 {[%emt 0:00:
05]} 33. Rc5 {[%emt 0:00:39]} Ne7 {[%emt 0:02:02]} 34. Rec1 {[%emt 0:04:20]}
Rb8 {[%emt 0:00:37]} 35. Rh1 {[%emt 0:08:08]} Rh8 {[%emt 0:00:17]} 36. Ra5 {
[%emt 0:01:23]} Rb7 {[%emt 0:00:09]} 37. e4 {[%emt 0:01:20]} dxe4 {[%emt 0:02:
42]} 38. fxe4 {[%emt 0:00:02]} Rd7 {[%emt 0:00:34]} 39. Ke3 {[%emt 0:01:09]}
Re8 {[%emt 0:00:31]} 40. Rxh6 {[%emt 0:00:32]} Kg7 {[%emt 0:00:33]} 41. Re6 {
[%emt 0:00:32]} Rh8 {[%emt 0:00:28]} 42. Rae5 {[%emt 0:00:18]} Ng8 {[%emt 0:00:
31]} 43. Rg5+ {[%emt 0:00:25]} Kh7 {[%emt 0:00:17]} 44. Rh5+ {[%emt 0:00:04]}
1-0

[Event "WLC A groep"]
[Site "Eindhoven, Netherlands"]
[Date "2019.05.26"]
[Round "2.2"]
[White "Wiley, Tom E"]
[Black "Van Foreest, Lucas"]
[Result "1/2-1/2"]
[WhiteElo "2161"]
[BlackElo "2529"]
[PlyCount "66"]
[EventDate "2019.??.??"]

1. d4 {[%emt 0:00:02]} d5 {[%emt 0:00:10]} 2. c4 {[%emt 0:00:07]} e6 {[%emt 0:
00:06]} 3. Nc3 {[%emt 0:00:06]} c6 {[%emt 0:00:11]} 4. e3 {[%emt 0:00:07]} Bd6
{[%emt 0:01:18]} 5. Qc2 {[%emt 0:02:28]} f5 {[%emt 0:00:34]} 6. f4 {[%emt 0:05:
33]} Nf6 {[%emt 0:02:09]} 7. Nf3 {[%emt 0:00:16]} O-O {[%emt 0:00:08]} 8. c5 {
[%emt 0:03:39]} Be7 {[%emt 0:03:31]} 9. Rb1 {[%emt 0:01:11]} b6 {[%emt 0:01:21]
} 10. b4 {[%emt 0:00:11]} a5 {[%emt 0:02:14]} 11. a3 {[%emt 0:00:17]} Ba6 {
[%emt 0:02:06]} 12. Bxa6 {[%emt 0:01:56]} Rxa6 {[%emt 0:17:27]} 13. O-O {
[%emt 0:01:49]} Ra8 {[%emt 0:01:40]} 14. Ng5 {[%emt 0:07:09]} Qc8 {[%emt 0:17:
36]} 15. Na4 {[%emt 0:01:30]} Nfd7 {[%emt 0:00:23]} 16. Nxe6 {[%emt 0:01:48]}
Rf6 {[%emt 0:00:25]} 17. Ng5 {[%emt 0:00:48]} b5 {[%emt 0:02:10]} 18. Nc3 {
[%emt 0:07:49]} Rf8 {[%emt 0:00:54]} 19. Nf3 {[%emt 0:00:18]} a4 {[%emt 0:01:
00]} 20. Bd2 {[%emt 0:02:45]} Nf6 {[%emt 0:04:21]} 21. Be1 {[%emt 0:03:16]} Qe6
{[%emt 0:02:48]} 22. Qd3 {[%emt 0:01:22]} Ne4 {[%emt 0:02:19]} 23. Bh4 {
[%emt 0:01:03]} Bxh4 {[%emt 0:00:07]} 24. Nxh4 {[%emt 0:00:06]} Nxc3 {[%emt 0:
00:14]} 25. Qxc3 {[%emt 0:00:06]} Nd7 {[%emt 0:00:05]} 26. Nf3 {[%emt 0:02:24]}
Nf6 {[%emt 0:00:06]} 27. Qd3 {[%emt 0:01:29]} Ne4 {[%emt 0:00:34]} 28. Rb2 {
[%emt 0:00:58]} h6 {[%emt 0:00:31]} 29. g3 {[%emt 0:01:07]} g5 {[%emt 0:03:51]}
30. Rg2 {[%emt 0:00:59]} g4 {[%emt 0:01:50]} 31. Nh4 {[%emt 0:05:57]} Ra7 {
[%emt 0:00:43]} 32. Re1 {[%emt 0:01:28]} Re7 {[%emt 0:01:44]} 33. Rge2 {
[%emt 0:08:01]} Rg7 {[%emt 0:02:31]} 1/2-1/2

[Event "WLC A groep"]
[Site "Eindhoven, Netherlands"]
[Date "2019.05.26"]
[Round "2.3"]
[White "Swinkels, Robin"]
[Black "Elgersma, Onno"]
[Result "1-0"]
[WhiteElo "2492"]
[BlackElo "2166"]
[PlyCount "101"]
[EventDate "2019.??.??"]

1. d4 {[%emt 0:00:01]} Nf6 {[%emt 0:00:25]} 2. c4 {[%emt 0:00:05]} e6 {[%emt 0:
00:04]} 3. g3 {[%emt 0:00:04]} d5 {[%emt 0:00:31]} 4. Nf3 {[%emt 0:00:05]} Be7
{[%emt 0:00:21]} 5. Bg2 {[%emt 0:00:06]} O-O {[%emt 0:00:07]} 6. O-O {[%emt 0:
00:05]} dxc4 {[%emt 0:00:16]} 7. Qc2 {[%emt 0:00:35]} a6 {[%emt 0:00:18]} 8.
Qxc4 {[%emt 0:00:50]} b5 {[%emt 0:00:46]} 9. Qc2 {[%emt 0:00:03]} Bb7 {[%emt 0:
00:46]} 10. Bd2 {[%emt 0:00:05]} Be4 {[%emt 0:01:28]} 11. Qc1 {[%emt 0:00:05]}
c6 {[%emt 0:02:46]} 12. Rd1 {[%emt 0:11:18]} Nbd7 {[%emt 0:08:02]} 13. Nc3 {
[%emt 0:04:07]} Bg6 {[%emt 0:00:46]} 14. Bg5 {[%emt 0:22:51]} Rc8 {[%emt 0:10:
02]} 15. a3 {[%emt 0:09:15]} a5 {[%emt 0:07:04]} 16. Bh4 {[%emt 0:19:32]} Nd5 {
[%emt 0:11:52]} 17. Qd2 {[%emt 0:03:47]} b4 {[%emt 0:05:19]} 18. axb4 {[%emt 0:
01:00]} axb4 {[%emt 0:00:45]} 19. Na4 {[%emt 0:04:42]} Be4 {[%emt 0:03:00]} 20.
Rdc1 {[%emt 0:08:13]} f6 {[%emt 0:12:25]} 21. g4 {[%emt 0:00:22]} Qe8 {[%emt 0:
03:00]} 22. Bg3 {[%emt 0:00:33]} h5 {[%emt 0:01:47]} 23. gxh5 {[%emt 0:03:02]}
Qxh5 {[%emt 0:04:07]} 24. Ne1 {[%emt 0:00:55]} Bxg2 {[%emt 0:01:24]} 25. Nxg2 {
[%emt 0:00:05]} f5 {[%emt 0:00:46]} 26. f3 {[%emt 0:02:07]} Bg5 {[%emt 0:01:19]
} 27. Nf4 {[%emt 0:04:37]} Bxf4 {[%emt 0:16:32]} 28. Bxf4 {[%emt 0:00:03]} g5 {
[%emt 0:00:22]} 29. Bd6 {[%emt 0:01:59]} Rf6 {[%emt 0:01:01]} 30. Kh1 {[%emt 0:
01:54]} f4 {[%emt 0:00:45]} 31. Rg1 {[%emt 0:00:06]} Kf7 {[%emt 0:00:05]} 32.
Nc5 {[%emt 0:00:15]} Rh8 {[%emt 0:01:32]} 33. Rg2 {[%emt 0:00:52]} Rfh6 {
[%emt 0:00:47]} 34. e4 {[%emt 0:00:01]} Qxf3 {[%emt 0:00:18]} 35. Kg1 {[%emt 0:
00:10]} Nxc5 {[%emt 0:02:00]} 36. dxc5 {[%emt 0:01:52]} Ne3 {[%emt 0:01:22]}
37. Rxg5 {[%emt 0:00:27]} Rxh2 {[%emt 0:04:04]} 38. Ra7+ {[%emt 0:00:19]} Ke8 {
[%emt 0:00:25]} 39. Ra8+ {[%emt 0:01:06]} Kf7 {[%emt 0:00:07]} 40. Ra7+ {
[%emt 0:00:02]} Ke8 {[%emt 0:00:54]} 41. Re7+ {[%emt 0:01:22]} Kf8 {[%emt 0:00:
32]} 42. Reg7+ {[%emt 0:01:01]} Ke8 {[%emt 0:00:08]} 43. Re7+ Kf8 {[%emt 0:00:
04]} 44. Rxe6+ {[%emt 0:01:12]} Kf7 {[%emt 0:00:05]} 45. Re7+ {[%emt 0:00:10]}
Kf8 {[%emt 0:00:28]} 46. Reg7+ {[%emt 0:00:42]} Ke8 {[%emt 0:00:08]} 47. Re5+ {
[%emt 0:00:02]} Kd8 {[%emt 0:00:08]} 48. Bc7+ {[%emt 0:00:02]} Kc8 {[%emt 0:00:
06]} 49. Qd7+ {[%emt 0:00:02]} Kb7 {[%emt 0:00:12]} 50. Bd8+ {[%emt 0:00:09]}
Ka6 {[%emt 0:00:21]} 51. Qxc6# {[%emt 0:00:12]} 1-0

[Event "WLC A groep"]
[Site "Eindhoven, Netherlands"]
[Date "2019.05.26"]
[Round "2.4"]
[White "Van den Berg, Gerard"]
[Black "Beerdsen, Thomas"]
[Result "0-1"]
[WhiteElo "2002"]
[BlackElo "2483"]
[PlyCount "94"]
[EventDate "2019.??.??"]

1. d4 d5 {[%emt 0:00:16]} 2. Nf3 {[%emt 0:00:05]} Nc6 {[%emt 0:01:24]} 3. Bf4 {
[%emt 0:02:54]} Bg4 {[%emt 0:00:46]} 4. e3 {[%emt 0:01:13]} e6 {[%emt 0:06:22]}
5. Be2 {[%emt 0:00:50]} Bd6 {[%emt 0:00:16]} 6. Bg3 {[%emt 0:02:25]} Nf6 {
[%emt 0:00:21]} 7. Nbd2 {[%emt 0:00:38]} O-O {[%emt 0:01:32]} 8. c3 {[%emt 0:
02:38]} Re8 {[%emt 0:00:25]} 9. Ne5 {[%emt 0:01:00]} Bxe2 {[%emt 0:00:16]} 10.
Qxe2 {[%emt 0:00:02]} Bxe5 {[%emt 0:00:52]} 11. dxe5 {[%emt 0:00:38]} Nd7 {
[%emt 0:00:31]} 12. f4 {[%emt 0:01:44]} Ne7 {[%emt 0:05:27]} 13. Bh4 {[%emt 0:
03:53]} c5 {[%emt 0:00:23]} 14. O-O {[%emt 0:00:46]} Qb6 {[%emt 0:01:58]} 15.
Bxe7 {[%emt 0:00:08]} Rxe7 {[%emt 0:00:05]} 16. Nf3 {[%emt 0:02:52]} Qc6 {
[%emt 0:04:54]} 17. Rae1 {[%emt 0:04:07]} Qa4 {[%emt 0:03:57]} 18. b3 {[%emt 0:
03:46]} Qa3 {[%emt 0:02:57]} 19. Rf2 {[%emt 0:01:02]} a5 {[%emt 0:00:52]} 20.
Qb2 {[%emt 0:10:55]} Qxb2 {[%emt 0:00:06]} 21. Rxb2 {[%emt 0:00:03]} Nb6 {
[%emt 0:03:59]} 22. Nd2 {[%emt 0:04:16]} Rd8 {[%emt 0:10:00]} 23. Kf2 {[%emt 0:
02:57]} f5 {[%emt 0:04:24]} 24. Rc1 {[%emt 0:07:17]} Red7 {[%emt 0:07:48]} 25.
g3 {[%emt 0:02:30]} h6 {[%emt 0:03:29]} 26. Rcc2 {[%emt 0:02:58]} Kf7 {[%emt 0:
01:58]} 27. c4 {[%emt 0:03:07]} d4 {[%emt 0:00:30]} 28. e4 {[%emt 0:00:30]} g6
{[%emt 0:00:55]} 29. Rc1 {[%emt 0:01:49]} Nc8 {[%emt 0:00:26]} 30. Rg1 {
[%emt 0:01:08]} Ne7 {[%emt 0:04:25]} 31. Kf3 {[%emt 0:02:46]} Nc6 {[%emt 0:05:
53]} 32. Ke2 {[%emt 0:05:08]} d3+ {[%emt 0:01:17]} 33. Ke3 {[%emt 0:00:06]} Nb4
{[%emt 0:00:43]} 34. exf5 {[%emt 0:01:25]} Nc2+ {[%emt 0:02:01]} 35. Kf2 {
[%emt 0:00:28]} exf5 {[%emt 0:02:26]} 36. Rbb1 {[%emt 0:01:51]} Rd4 {[%emt 0:
00:35]} 37. Kf3 {[%emt 0:01:01]} g5 {[%emt 0:01:12]} 38. Rg2 {[%emt 0:04:05]}
Re4 {[%emt 0:03:01]} 39. fxg5 {[%emt 0:09:14]} Re3+ {[%emt 0:05:49]} 40. Kf2 {
[%emt 0:01:51]} hxg5 {[%emt 0:00:15]} 41. Kf1 {[%emt 0:02:58]} Rxe5 {[%emt 0:
01:39]} 42. Nf3 {[%emt 0:01:04]} Re3 {[%emt 0:00:45]} 43. Rf2 {[%emt 0:00:35]}
Kg6 {[%emt 0:00:59]} 44. Rd1 {[%emt 0:00:07]} Rde8 {[%emt 0:02:46]} 45. Kg2 {
[%emt 0:04:42]} f4 {[%emt 0:01:49]} 46. g4 {[%emt 0:01:12]} Rxf3 {[%emt 0:00:
43]} 47. Kxf3 {[%emt 0:02:37]} Ne1+ {[%emt 0:00:09]} 0-1

[Event "WLC A groep"]
[Site "Eindhoven, Netherlands"]
[Date "2019.05.26"]
[Round "2.5"]
[White "Van Dooren, Dirk"]
[Black "Baselmans, Sam"]
[Result "1-0"]
[WhiteElo "2360"]
[BlackElo "2031"]
[PlyCount "91"]
[EventDate "2019.??.??"]

1. f4 {[%emt 0:00:20]} Nf6 {[%emt 0:00:09]} 2. Nf3 {[%emt 0:00:04]} g6 {
[%emt 0:00:07]} 3. g3 {[%emt 0:00:03]} Bg7 {[%emt 0:00:05]} 4. Bg2 {[%emt 0:00:
03]} d6 {[%emt 0:00:08]} 5. d3 {[%emt 0:00:38]} Nbd7 {[%emt 0:00:19]} 6. O-O {
[%emt 0:00:36]} O-O {[%emt 0:00:13]} 7. e4 {[%emt 0:00:34]} e5 {[%emt 0:00:17]}
8. Nc3 {[%emt 0:02:14]} c6 {[%emt 0:00:08]} 9. Kh1 {[%emt 0:03:14]} Qc7 {
[%emt 0:02:28]} 10. a4 {[%emt 0:03:33]} a6 {[%emt 0:06:50]} 11. a5 {[%emt 0:03:
24]} Re8 {[%emt 0:00:43]} 12. Be3 {[%emt 0:06:46]} exf4 {[%emt 0:07:26]} 13.
Bxf4 {[%emt 0:00:14]} Nh5 {[%emt 0:00:17]} 14. Bd2 {[%emt 0:00:46]} Ne5 {
[%emt 0:06:36]} 15. Nxe5 {[%emt 0:05:41]} dxe5 {[%emt 0:00:10]} 16. Na4 {
[%emt 0:00:16]} Be6 {[%emt 0:00:46]} 17. Nc5 {[%emt 0:01:11]} Rad8 {[%emt 0:02:
24]} 18. Bg5 {[%emt 0:01:43]} Rd6 {[%emt 0:03:22]} 19. Qd2 {[%emt 0:18:15]} Bc8
{[%emt 0:03:31]} 20. Rf3 {[%emt 0:04:11]} Rf8 {[%emt 0:02:44]} 21. Qb4 {
[%emt 0:05:31]} f6 {[%emt 0:05:08]} 22. Be3 {[%emt 0:04:06]} f5 {[%emt 0:01:46]
} 23. exf5 {[%emt 0:03:13]} gxf5 {[%emt 0:00:08]} 24. Qh4 {[%emt 0:02:12]} Nf6
{[%emt 0:13:24]} 25. Bh3 {[%emt 0:02:27]} Nd5 {[%emt 0:02:13]} 26. Bd2 {
[%emt 0:04:53]} f4 {[%emt 0:07:07]} 27. Bxc8 {[%emt 0:00:11]} Qxc8 {[%emt 0:00:
11]} 28. gxf4 {[%emt 0:01:16]} Rh6 {[%emt 0:02:28]} 29. Qf2 {[%emt 0:00:05]}
Nxf4 {[%emt 0:02:28]} 30. Rg1 {[%emt 0:03:56]} Rhf6 {[%emt 0:03:53]} 31. Ne4 {
[%emt 0:01:38]} Rg6 {[%emt 0:06:48]} 32. Bb4 {[%emt 0:04:56]} Rxg1+ {[%emt 0:
12:54]} 33. Qxg1 {[%emt 0:00:06]} c5 {[%emt 0:00:13]} 34. Bxc5 {[%emt 0:01:07]}
Rf5 {[%emt 0:00:56]} 35. Qg4 {[%emt 0:03:30]} h5 {[%emt 0:00:34]} 36. Nf6+ {
[%emt 0:00:04]} Kh8 {[%emt 0:01:39]} 37. Nxh5 {[%emt 0:00:04]} Ne6 {[%emt 0:04:
51]} 38. Qxf5 {[%emt 0:00:26]} Qc6 {[%emt 0:00:24]} 39. Nxg7 {[%emt 0:01:06]}
Ng5 {[%emt 0:00:51]} 40. Qxg5 {[%emt 0:03:47]} Qxf3+ {[%emt 0:00:07]} 41. Kg1 {
[%emt 0:00:03]} Qd1+ {[%emt 0:00:19]} 42. Kg2 {[%emt 0:00:04]} Qxc2+ {[%emt 0:
00:15]} 43. Bf2 {[%emt 0:00:03]} Qc6+ {[%emt 0:00:39]} 44. Kg1 {[%emt 0:00:15]}
Qf3 {[%emt 0:00:52]} 45. Nf5 {[%emt 0:00:20]} Qd1+ {[%emt 0:00:12]} 46. Kg2 {
[%emt 0:00:04]} 1-0

[Event "WLC A groep"]
[Site "Eindhoven, Netherlands"]
[Date "2019.05.26"]
[Round "2.6"]
[White "Grooten, Herman"]
[Black "Van Amerongen, Marleen"]
[Result "1-0"]
[WhiteElo "2284"]
[BlackElo "1971"]
[PlyCount "33"]
[EventDate "2019.??.??"]

1. d4 Nf6 2. c4 e5 3. dxe5 Ng4 4. Nf3 Bc5 5. e3 Nc6 6. a3 a5 7. b3 Ngxe5 8. Bb2
d6 9. Nc3 O-O 10. Be2 f5 11. Nd5 Nxf3+ 12. gxf3 Rf7 13. f4 Qh4 14. Bh5 g6 15.
Bf3 Nd8 16. Qd2 c6 17. Qc3 1-0

[Event "WLC A groep"]
[Site "Eindhoven, Netherlands"]
[Date "2019.05.26"]
[Round "2.7"]
[White "Van Doren, Bas"]
[Black "Sprangers, Remco"]
[Result "1-0"]
[WhiteElo "1956"]
[BlackElo "2268"]
[PlyCount "77"]
[EventDate "2019.??.??"]

1. e4 {[%emt 0:00:02]} c5 {[%emt 0:00:12]} 2. Nf3 {[%emt 0:00:05]} d6 {[%emt 0:
00:03]} 3. d4 {[%emt 0:00:04]} cxd4 {[%emt 0:00:04]} 4. Nxd4 {[%emt 0:00:03]}
Nf6 {[%emt 0:00:04]} 5. Nc3 {[%emt 0:00:04]} a6 {[%emt 0:00:03]} 6. Bg5 {
[%emt 0:00:11]} e6 {[%emt 0:00:55]} 7. f4 {[%emt 0:00:10]} Be7 {[%emt 0:00:05]}
8. Qf3 {[%emt 0:00:11]} Qc7 {[%emt 0:00:06]} 9. O-O-O {[%emt 0:00:20]} Nbd7 {
[%emt 0:00:05]} 10. Bd3 {[%emt 0:01:01]} h6 {[%emt 0:00:18]} 11. Bh4 {[%emt 0:
00:29]} g5 {[%emt 0:00:06]} 12. fxg5 {[%emt 0:00:52]} Ne5 {[%emt 0:00:06]} 13.
Qe2 {[%emt 0:01:25]} Nfg4 {[%emt 0:00:16]} 14. h3 {[%emt 0:05:28]} hxg5 {
[%emt 0:00:11]} 15. Bg3 {[%emt 0:00:54]} Nf6 {[%emt 0:00:15]} 16. Nf3 {[%emt 0:
07:54]} Nh5 {[%emt 0:05:25]} 17. Bh2 {[%emt 0:06:25]} Nf4 {[%emt 0:13:17]} 18.
Qd2 {[%emt 0:04:45]} Nfxd3+ {[%emt 0:14:00]} 19. cxd3 {[%emt 0:00:10]} Nxf3 {
[%emt 0:11:10]} 20. gxf3 {[%emt 0:00:06]} b5 {[%emt 0:04:37]} 21. Kb1 {[%emt 0:
01:16]} b4 {[%emt 0:01:20]} 22. Ne2 {[%emt 0:02:07]} Qa5 {[%emt 0:00:44]} 23.
Nd4 {[%emt 0:09:36]} Bd7 {[%emt 0:03:50]} 24. Qg2 {[%emt 0:17:12]} e5 {[%emt 0:
14:06]} 25. Nf5 {[%emt 0:02:56]} Bxf5 {[%emt 0:00:16]} 26. exf5 {[%emt 0:00:02]
} Qd5 {[%emt 0:05:06]} 27. Rhe1 {[%emt 0:03:01]} Rh4 {[%emt 0:07:44]} 28. Re4 {
[%emt 0:00:55]} b3 {[%emt 0:00:29]} 29. f4 {[%emt 0:09:52]} bxa2+ {[%emt 0:02:
47]} 30. Ka1 {[%emt 0:00:06]} gxf4 {[%emt 0:03:06]} 31. f6 {[%emt 0:00:51]} Qb3
{[%emt 0:04:34]} 32. Ree1 {[%emt 0:01:23]} f3 {[%emt 0:02:35]} 33. Qxf3 {
[%emt 0:00:26]} e4 {[%emt 0:03:41]} 34. Qf2 {[%emt 0:08:47]} Rc8 {[%emt 0:01:
44]} 35. fxe7 {[%emt 0:08:08]} Rc2 {[%emt 0:02:26]} 36. Qf6 {[%emt 0:00:29]}
Rxh2 {[%emt 0:01:20]} 37. Rc1 {[%emt 0:01:19]} Qb7 {[%emt 0:00:23]} 38. Rg1 {
[%emt 0:00:48]} Kd7 {[%emt 0:01:11]} 39. e8=Q+ {[%emt 0:00:23]} 1-0

[Event "WLC A groep"]
[Site "Eindhoven, Netherlands"]
[Date "2019.05.26"]
[Round "2.8"]
[White "Van Dael, Siem"]
[Black "Blijlevens, Pim"]
[Result "1-0"]
[WhiteElo "2218"]
[BlackElo "1947"]
[PlyCount "61"]
[EventDate "2019.??.??"]

1. e4 {[%emt 0:00:04]} e6 {[%emt 0:00:09]} 2. d4 {[%emt 0:01:01]} d5 {[%emt 0:
00:09]} 3. Nc3 {[%emt 0:00:06]} Bb4 {[%emt 0:00:06]} 4. e5 {[%emt 0:00:06]} c5
{[%emt 0:00:19]} 5. a3 {[%emt 0:00:08]} Bxc3+ {[%emt 0:00:07]} 6. bxc3 {
[%emt 0:00:05]} Ne7 {[%emt 0:00:54]} 7. Qg4 {[%emt 0:00:08]} Qc7 {[%emt 0:00:
24]} 8. Qxg7 {[%emt 0:00:08]} Rg8 {[%emt 0:00:06]} 9. Qxh7 {[%emt 0:00:07]}
cxd4 {[%emt 0:00:25]} 10. Ne2 {[%emt 0:00:13]} Nbc6 {[%emt 0:00:53]} 11. f4 {
[%emt 0:00:40]} dxc3 {[%emt 0:00:29]} 12. Qd3 {[%emt 0:00:07]} d4 {[%emt 0:00:
17]} 13. Nxd4 {[%emt 0:00:17]} Nxd4 {[%emt 0:00:11]} 14. Qxd4 {[%emt 0:00:06]}
Bd7 {[%emt 0:00:12]} 15. Rg1 {[%emt 0:01:56]} Nf5 {[%emt 0:00:17]} 16. Qf2 {
[%emt 0:00:10]} Qc6 {[%emt 0:03:52]} 17. Bd3 {[%emt 0:02:08]} Qd5 {[%emt 0:01:
57]} 18. Be3 {[%emt 0:15:47]} Nxe3 {[%emt 0:05:35]} 19. Qxe3 {[%emt 0:00:38]}
Rxg2 {[%emt 0:00:56]} 20. Rxg2 {[%emt 0:01:59]} Qxg2 {[%emt 0:00:04]} 21. Be4 {
[%emt 0:02:30]} Qxh2 {[%emt 0:03:14]} 22. O-O-O {[%emt 0:00:34]} Bc6 {[%emt 0:
05:43]} 23. Bxc6+ {[%emt 0:05:23]} bxc6 {[%emt 0:03:14]} 24. Qe4 {[%emt 0:00:
57]} Kf8 {[%emt 0:07:23]} 25. Qb4+ {[%emt 0:16:54]} Kg8 {[%emt 0:02:45]} 26.
Kb1 {[%emt 0:03:28]} Qf2 {[%emt 0:10:37]} 27. Qxc3 {[%emt 0:01:35]} Rb8+ {
[%emt 0:05:26]} 28. Ka1 {[%emt 0:02:49]} Qb6 {[%emt 0:04:36]} 29. f5 {[%emt 0:
06:55]} Kf8 {[%emt 0:08:08]} 30. fxe6 {[%emt 0:03:04]} fxe6 {[%emt 0:01:12]}
31. Qf3+ {[%emt 0:02:05]} 1-0

[Event "WLC A groep"]
[Site "Eindhoven, Netherlands"]
[Date "2019.05.25"]
[Round "3.1"]
[White "Grooten, Herman"]
[Black "Bok, Benjamin"]
[Result "0-1"]
[WhiteElo "2284"]
[BlackElo "2632"]
[PlyCount "86"]
[EventDate "2019.??.??"]

1. d4 {[%emt 0:01:38]} Nf6 {[%emt 0:00:52]} 2. c4 {[%emt 0:00:06]} e6 {[%emt 0:
00:05]} 3. Nf3 {[%emt 0:00:11]} d5 {[%emt 0:00:15]} 4. Nc3 {[%emt 0:00:47]} c6
{[%emt 0:00:06]} 5. g3 {[%emt 0:00:30]} dxc4 {[%emt 0:00:12]} 6. a4 {[%emt 0:
01:10]} c5 {[%emt 0:07:20]} 7. Bg2 {[%emt 0:02:53]} Nc6 {[%emt 0:00:34]} 8.
dxc5 {[%emt 0:11:01]} Qxd1+ {[%emt 0:04:53]} 9. Nxd1 {[%emt 0:01:57]} Bxc5 {
[%emt 0:00:05]} 10. Be3 {[%emt 0:00:32]} Bb4+ {[%emt 0:14:00]} 11. Bd2 {
[%emt 0:02:44]} Bd7 {[%emt 0:01:05]} 12. Ne3 {[%emt 0:03:02]} Bxd2+ {[%emt 0:
02:25]} 13. Nxd2 {[%emt 0:00:32]} c3 {[%emt 0:00:40]} 14. bxc3 {[%emt 0:00:16]}
Ke7 {[%emt 0:00:17]} 15. a5 {[%emt 0:05:36]} Rac8 {[%emt 0:04:05]} 16. O-O {
[%emt 0:05:21]} Rc7 {[%emt 0:02:06]} 17. Rfb1 {[%emt 0:00:46]} Rhc8 {[%emt 0:
00:46]} 18. c4 {[%emt 0:04:19]} Nd8 {[%emt 0:05:52]} 19. Nb3 {[%emt 0:03:36]}
Bc6 {[%emt 0:00:26]} 20. f3 {[%emt 0:01:47]} Nd7 {[%emt 0:06:42]} 21. Kf2 {
[%emt 0:04:22]} f5 {[%emt 0:05:04]} 22. Nd4 {[%emt 0:05:53]} a6 {[%emt 0:11:00]
} 23. Nxc6+ {[%emt 0:03:59]} Nxc6 {[%emt 0:02:46]} 24. f4 {[%emt 0:00:48]} Nd8
{[%emt 0:00:14]} 25. Bf3 {[%emt 0:05:06]} Nc5 {[%emt 0:04:32]} 26. g4 {[%emt 0:
01:40]} g6 {[%emt 0:01:32]} 27. gxf5 {[%emt 0:01:40]} gxf5 {[%emt 0:00:13]} 28.
Rg1 {[%emt 0:00:49]} Kf6 {[%emt 0:07:04]} 29. Rab1 {[%emt 0:01:14]} Nc6 {
[%emt 0:02:46]} 30. Nd5+ exd5 {[%emt 0:11:39]} 31. cxd5 {[%emt 0:00:41]} Nd4 {
[%emt 0:03:46]} 32. Rb6+ {[%emt 0:00:16]} Kf7 {[%emt 0:00:07]} 33. Bh5+ {
[%emt 0:06:16]} Kf8 {[%emt 0:00:14]} 34. Rd1 {[%emt 0:05:30]} Ne4+ {[%emt 0:01:
08]} 35. Kf1 {[%emt 0:00:34]} Rc1 {[%emt 0:03:40]} 36. Rxc1 {[%emt 0:00:22]}
Rxc1+ {[%emt 0:00:05]} 37. Kg2 {[%emt 0:00:02]} Rc7 {[%emt 0:01:04]} 38. Bf3 {
[%emt 0:05:22]} Rg7+ {[%emt 0:01:04]} 39. Kh3 {[%emt 0:02:11]} Nc3 {[%emt 0:03:
23]} 40. d6 {[%emt 0:02:23]} Ncxe2 {[%emt 0:01:13]} 41. Bxe2 {[%emt 0:02:39]}
Nxe2 {[%emt 0:00:05]} 42. Rb4 {[%emt 0:01:06]} Rg4 {[%emt 0:00:31]} 43. d7 {
[%emt 0:00:54]} Ng1# {[%emt 0:00:04]} 0-1